Think about it! : (Record no. 2732)
[ view plain ]
| 000 -LEADER | |
|---|---|
| fixed length control field | 01016cam a2200337 a 4500 |
| 001 - CONTROL NUMBER | |
| control field | 223753 |
| 003 - CONTROL NUMBER IDENTIFIER | |
| control field | OSt |
| 005 - DATE AND TIME OF LATEST TRANSACTION | |
| control field | 20140310181740.0 |
| 008 - FIXED-LENGTH DATA ELEMENTS--GENERAL INFORMATION | |
| fixed length control field | 880103s1981 tnua- 0 eng| |
| 020 ## - INTERNATIONAL STANDARD BOOK NUMBER | |
| International Standard Book Number | 0913916978 |
| 035 ## - SYSTEM CONTROL NUMBER | |
| Canceled/invalid control number | U00002519619 |
| 039 0# - LEVEL OF BIBLIOGRAPHIC CONTROL AND CODING DETAIL [OBSOLETE] | |
| Level of rules in bibliographic description | 2 |
| Level of effort used to assign nonsubject heading access points | 3 |
| Level of effort used to assign subject headings | 3 |
| Level of effort used to assign classification | 3 |
| Number of fixed field character positions coded | 3 |
| 040 ## - CATALOGING SOURCE | |
| Original cataloging agency | LC |
| Modifying agency | UtOrBLW |
| 050 #0 - LIBRARY OF CONGRESS CALL NUMBER | |
| Classification number | LB 1169 |
| Item number | .F737 1981 |
| 082 0# - DEWEY DECIMAL CLASSIFICATION NUMBER | |
| Classification number | TR 153.3 |
| Item number | Fo77 1981 |
| 090 ## - LOCALLY ASSIGNED LC-TYPE CALL NUMBER (OCLC); LOCAL CALL NUMBER (OCLC) | |
| Classification number (OCLC) (R) ; Classification number, CALL (RLIN) (NR) | LB1169 |
| Local cutter number (OCLC) ; Book number/undivided call number, CALL (RLIN) | .F634 1981 |
| 100 1# - MAIN ENTRY--PERSONAL NAME | |
| Personal name | Forte, Imogene. |
| 245 10 - TITLE STATEMENT | |
| Title | Think about it! : |
| Remainder of title | primary : activities for teaching basic thinking skills / |
| Statement of responsibility, etc | Imogene Forte. -- |
| 260 ## - PUBLICATION, DISTRIBUTION, ETC. (IMPRINT) | |
| Place of publication, distribution, etc | [Nashville] : |
| Name of publisher, distributor, etc | Incentive Publications, |
| Date of publication, distribution, etc | c1981. |
| 300 ## - PHYSICAL DESCRIPTION | |
| Extent | 78 p. : |
| Other physical details | ill. ; |
| Dimensions | 28 cm. -- |
| 490 1# - SERIES STATEMENT | |
| Series statement | Kids' stuff |
| 520 ## - SUMMARY, ETC. | |
| Summary, etc | 1. Imagination 2. Creation (Literary , artistics , etc.) |
| 521 ## - TARGET AUDIENCE NOTE | |
| Target audience note | |
| 541 ## - IMMEDIATE SOURCE OF ACQUISITION NOTE | |
| -- | 1 |
| 562 ## - COPY AND VERSION IDENTIFICATION NOTE | |
| Number of copies | 1 |
| 650 #0 - SUBJECT ADDED ENTRY--TOPICAL TERM | |
| Topical term or geographic name as entry element | Kindergarten |
| General subdivision | Methods and manuals. |
| 650 #0 - SUBJECT ADDED ENTRY--TOPICAL TERM | |
| Topical term or geographic name as entry element | Thought and thinking |
| General subdivision | Study and teaching. |
| 650 #0 - SUBJECT ADDED ENTRY--TOPICAL TERM | |
| Topical term or geographic name as entry element | Educational games. |
| 830 #0 - SERIES ADDED ENTRY--UNIFORM TITLE | |
| Uniform title | Kids' stuff. |
| 942 ## - ADDED ENTRY ELEMENTS (KOHA) | |
| Source of classification or shelving scheme | Library of Congress Classification |
| Koha item type | |
| Call number prefix | |
| Withdrawn status | Lost status | Source of classification or shelving scheme | Damaged status | Home library | Current library | Shelving location | Date acquired | Total Checkouts | Full call number | Barcode | Date last seen | Date checked out | Copy number | Price effective from | Koha item type |
|---|---|---|---|---|---|---|---|---|---|---|---|---|---|---|---|
| Library of Congress Classification | Luxembourg Library | Luxembourg Library | Teachers Reference Section | 03/22/2013 | 1 | LB 1169 .F737 1981 | 8795 | 12/13/2014 | 09/23/2014 | 1 | 10/03/2013 | Books |